01897nam a2200337 a 450000100060000000300090000600800410001501500080005602000180006404000280008204100130011008200160012310000370013924503430017625000120051926000710053130000860060249000300068850001260071850400540084450502320089854100530113059600060118365000400118970000290122974000830125892600510134194200120139299900170140495201380142125902CO-ViMGA141112s2004 ck r 000 u spa d aNNN a9786071510044 aCO-ViMGAbspacCO-ViMGA aspabeng04a658.5 CH17a1 aChase, Richard B. 1939 - 94040410aAdministración de operaciones producción y cadena de suministros Richard B. Chase, F. Robert Jacobs y Nicholas J. Aquilano ; revisión técnica Rodolfo Torres Matus, Marco Antonio Montúfar Benítez y Héctor Horton Muñoz ; traductores Pilar Mascaró Sacristán y Martha Elsa Mauri Hernández ; editor Jesús Mares Chacón a13a ed. aMéxico ; Bogotá McGraw - Hill/InterAméricana Editores c2014. axxvii, 780 p. ilustraciones a color, diagramas, fotos, gráficas y tablas 27 cm. aMcGraw - Hill Educación aPublicado anteriormente con el título : Administración de la producción y operaciones para una ventaja competitiva. aIncluye referencias bibliográficas e índices. aSección uno : Estrategia y sustentabilidad. Sección dos : Procesos de manufactura. Sección tres : Procesos de una cadena de suministros. Sección cuatro : Planificacion de oferta y demanda. Sección cinco : programacion 89.600 (c/u) (obra completa); 3 c. + 3 DVD - ROM. a214aAdministración de la producción1 aJacobs, F. Robert940405 aAdministración de la producción y operaciones para una ventaja competitiva aB - GENERAL RESERVA 658.5 CH17A 2009 RESERVA 1 2ddccBK c33139d33139 00102ddc40708002aMEVIECARbMEVIECARd2015-12-04h03/sep/2014l0o658.5 CH17a p27177r2015-12-04 00:00:00tEj. 1w2015-12-04yBK